00390nam a2200109Ia 4500008004100000082002100041100002000062245003500082260003000117300001000147650012300157211119s9999||||xx |||||||||||||| ||und|| a894.812 4bBAL-P aBalakrishn, P K 0aP k Balakrishnante Lekhanangal bD c BooksaKottayamc2004 a240p. aLiterature & rhetoricv Literatures of other languagesAltaic, Uralic, Hyperborean & Dravidian MalayalamxGeneral Stack